000 00691nam a2200241Ia 4500
003 OSt
005 20220928124233.0
006 a|||||r|||| 00| 0
007 ta
008 220927b |||||||| |||| 00| 0 eng d
024 _a42536
037 _cTextual
040 _aSDCL
_cSDCL
_beng
041 _2eng
_aeng
082 _aS8, M2
100 _aCrano William D
_9463919
245 0 _aSocial psychology
_b Principles and themes of interpersonal behavior.
260 _aIllinois
_bDorsey Press
_c1982
300 _axv,559p.
_ccm.
700 _a Messe Lawrence A
_9463920
942 _hS8, M2
_cTEXL
_2CC
999 _c776805
_d776805